[Event "zonal 1.2a"]
[Site "Ptuj SLO"]
[Date "1995.04.05"]
[Round "1"]
[White "Atlas, Valery"]
[Black "Sermek, Drazen"]
[Result "0-1"]
[WhiteElo "2450"]
[BlackElo "2515"]
[EventDate "1995.04.05"]
[PlyCount "90"]

1.e4 c5 2.Nf3 e6 3.d4 cxd4 4.Nxd4 Nf6 5.Nc3 Nc6 6.g3 Qb6 7.Nb3 Bb4 8.Be3 
Qd8 9.Bd2 d5 10.exd5 Nxd5 11.Ne4 O-O 12.Bg2 b6 13.c4 Ba6 14.a3 Bxd2+ 15.
Nbxd2 Ne5 16.Qa4 Nd3+ 17.Ke2 f5 18.Rhd1 fxe4 19.Nxe4 N5f4+ 20.gxf4 Nxf4+ 
21.Kf1 Qh4 22.Qxa6 Nxg2 23.Qb7 Ne3+ 24.Ke1 Nc2+ 25.Kf1 Nxa1 26.Rxa1 Rad8 
27.Kg1 Qg4+ 28.Ng3 h5 29.Qg2 h4 30.h3 Qf3 31.Ne4 Qxg2+ 32.Kxg2 Rd4 33.Re1 
Rxc4 34.Re2 Rf5 35.Nd6 Rg5+ 36.Kf3 Rc6 37.Rxe6 Kh7 38.Ke4 Rg6 39.Rxg6 Kxg6
40.Kd5 Rc2 41.b4 Rc3 42.a4 Rxh3 43.Nc8 Rc3 44.Nxa7 h3 45.Nb5 Rc1 0-1

[Event "zonal 1.2a"]
[Site "Ptuj SLO"]
[Date "1995.04.05"]
[Round "1"]
[White "Gostisa, Leon"]
[Black "Robatsch, Karl"]
[Result "1-0"]
[WhiteElo "2420"]
[BlackElo "2410"]
[EventDate "1995.04.05"]
[PlyCount "79"]

1.d4 Nf6 2.Nf3 e6 3.c4 Bb4+ 4.Bd2 Qe7 5.g3 Nc6 6.Bg2 Bxd2+ 7.Nbxd2 d6 8.
O-O e5 9.d5 Nb8 10.e4 Bg4 11.Qb3 c5 12.Nh4 g5 13.Nhf3 Rg8 14.Qe3 Bd7 15.
Ne1 Na6 16.Nd3 h5 17.Rfb1 b6 18.a4 Qd8 19.h3 Qc8 20.Kh2 h4 21.Qf3 hxg3+ 
22.fxg3 Ke7 23.Nxe5 Rh8 24.Rf1 Rh6 25.Nxd7 Qxd7 26.Kg1 Re8 27.e5 dxe5 28.
Qe3 Qd6 29.Rf5 Kd8 30.Qxg5 Rg6 31.Ne4 Qf8 32.Qe3 Nxe4 33.Bxe4 Qg7 34.Kh2 
Rh8 35.Bg2 f6 36.Raf1 Nb8 37.Qf3 Rf8 38.d6 Qd7 39.Rxe5 Rfg8 40.Re3 1-0

[Event "zonal 1.2a"]
[Site "Ptuj SLO"]
[Date "1995.04.05"]
[Round "1"]
[White "Kindermann, Stefan"]
[Black "Enders, Peter"]
[Result "1-0"]
[WhiteElo "2585"]
[BlackElo "2480"]
[EventDate "1995.04.05"]
[PlyCount "71"]

1.e4 c5 2.Nf3 d6 3.d4 cxd4 4.Nxd4 Nf6 5.Nc3 a6 6.f4 e5 7.Nf3 Nbd7 8.a4 Be7
9.Bd3 O-O 10.O-O Nc5 11.Kh1 exf4 12.Bxf4 Bg4 13.Be3 Rc8 14.Qe1 Bh5 15.Nd4 
Ng4 16.Bf4 Ne6 17.Nf5 Nxf4 18.Nxe7+ Qxe7 19.Rxf4 Ne5 20.Nd5 Qd8 21.Qh4 g5 
22.Qg3 Kh8 23.Rf2 Bg6 24.Raf1 h6 25.Qe3 Kg7 26.Qd4 h5 27.Rf6 Re8 28.Qb4 a5
29.Qxb7 Rb8 30.Qa7 Rxb2 31.Bb5 Rxc2 32.Bxe8 Qxe8 33.Ne3 Ra2 34.Nf5+ Kg8 
35.Rxg6+ fxg6 36.Qg7# 1-0

[Event "zonal 1.2a"]
[Site "Ptuj SLO"]
[Date "1995.04.05"]
[Round "1"]
[White "Landenbergue, Claude"]
[Black "Grosar, Aljosa"]
[Result "1/2-1/2"]
[WhiteElo "2430"]
[BlackElo "2475"]
[EventDate "1995.04.05"]
[PlyCount "115"]

1.e4 c5 2.Nf3 d6 3.d4 cxd4 4.Nxd4 Nf6 5.Nc3 Nc6 6.Bg5 e6 7.Qd2 a6 8.O-O-O 
Bd7 9.f3 Be7 10.Kb1 Qa5 11.h4 b5 12.Nxc6 Bxc6 13.Bd3 Rc8 14.g4 Bb7 15.Rhg1
h6 16.Be3 Nd7 17.g5 b4 18.Ne2 Ne5 19.Nd4 hxg5 20.hxg5 g6 21.Qf2 d5 22.Nb3 
Qc7 23.Rh1 Rxh1 24.Rxh1 dxe4 25.fxe4 Ng4 26.Qf3 Nxe3 27.Qxe3 Qe5 28.Rg1 a5
29.Qb6 Bxe4 30.Qe3 f5 31.Re1 a4 32.Bxe4 fxe4 33.Nd4 Bxg5 34.Qxe4 Qxe4 35.
Rxe4 Kf7 36.Nf3 Be7 37.Ne5+ Kg7 38.Nd3 Rb8 39.Rxe6 Bf6 40.Re4 b3 41.Rxa4 
bxc2+ 42.Kxc2 g5 43.Rc4 Kg6 44.b4 Kf5 45.a4 g4 46.Rc5+ Ke4 47.Rc4+ Kf5 48.
a5 Rg8 49.Rf4+ Ke6 50.Nc5+ Ke5 51.Nd3+ Kd6 52.Nc5 Ke5 53.Rf1 Bh4 54.a6 g3 
55.a7 Ra8 56.Rf7 g2 57.Rg7 Rxa7 58.Nd3+ 1/2-1/2

[Event "zonal 1.2a"]
[Site "Ptuj SLO"]
[Date "1995.04.05"]
[Round "1"]
[White "Lutz, Christopher"]
[Black "Stanec, Nikolaus"]
[Result "1/2-1/2"]
[WhiteElo "2560"]
[BlackElo "2465"]
[EventDate "1995.04.05"]
[PlyCount "48"]

1.e4 c5 2.Nf3 Nc6 3.Bb5 e6 4.O-O Nge7 5.c3 a6 6.Ba4 b5 7.Bc2 d5 8.d4 cxd4 
9.exd5 Nxd5 10.cxd4 Bb7 11.Nc3 Ncb4 12.Bb1 Nxc3 13.bxc3 Nd5 14.Bd2 Bd6 15.
a4 O-O 16.axb5 axb5 17.Rxa8 Qxa8 18.Re1 Nf6 19.Bd3 Rb8 20.Qe2 Qa2 21.Ne5 
Bxe5 22.dxe5 Ne4 23.Bxe4 Bxe4 24.Qxe4 Qxd2 1/2-1/2

[Event "zonal 1.2a"]
[Site "Ptuj SLO"]
[Date "1995.04.05"]
[Round "1"]
[White "Mohr, Georg"]
[Black "Zuger, Beat"]
[Result "1-0"]
[WhiteElo "2430"]
[BlackElo "2480"]
[EventDate "1995.04.05"]
[PlyCount "77"]

1.Nf3 Nf6 2.c4 g6 3.Nc3 Bg7 4.e4 d6 5.d4 O-O 6.Be2 Bg4 7.Be3 Nfd7 8.Ng1 
Bxe2 9.Ngxe2 c5 10.d5 b5 11.cxb5 a6 12.bxa6 Qa5 13.O-O Nb6 14.Qc1 Rc8 15.
Bh6 Bh8 16.Qe3 Nxa6 17.Qh3 Nb4 18.Bg5 Rc7 19.Qh4 Re8 20.f4 Nc2 21.Rac1 Nd4
22.f5 Nc4 23.fxg6 fxg6 24.Rf7 h5 25.Rcf1 Ne5 26.Rxe7 Rcxe7 27.Bxe7 Nxe2+ 
28.Nxe2 Qd2 29.Qf2 Bg7 30.Bxd6 Bh6 31.Kh1 Be3 32.Qf6 Bg5 33.Qf2 Be3 34.Qg3
Qxe2 35.Re1 Bf2 36.Rxe2 Bxg3 37.hxg3 Nd3 38.e5 Nb4 39.Rd2 1-0

[Event "zonal 1.2a"]
[Site "Ptuj SLO"]
[Date "1995.04.05"]
[Round "1"]
[White "Wach, Markus"]
[Black "Lobron, Eric"]
[Result "0-1"]
[WhiteElo "2385"]
[BlackElo "2575"]
[EventDate "1995.04.05"]
[PlyCount "106"]

1.e4 c5 2.c3 d5 3.exd5 Qxd5 4.d4 Nf6 5.Nf3 Bg4 6.Be2 e6 7.O-O Nc6 8.Be3 
cxd4 9.Nxd4 Bxe2 10.Qxe2 Nxd4 11.Bxd4 Be7 12.Rd1 Qa5 13.Nd2 O-O 14.Ne4 e5 
15.Nxf6+ Bxf6 16.Be3 Rfd8 17.Qc4 h5 18.a4 Rxd1+ 19.Rxd1 Rd8 20.Ra1 a6 21.
Kf1 Qd5 22.Qxd5 Rxd5 23.Ke2 e4 24.h3 Be5 25.g4 hxg4 26.hxg4 f6 27.f3 exf3+
28.Kxf3 Kf7 29.Ke4 Ke6 30.c4 Rd7 31.Rb1 g6 32.b4 f5+ 33.gxf5+ gxf5+ 34.Kf3
f4 35.Bf2 Kf5 36.b5 Rd3+ 37.Ke2 Ra3 38.bxa6 bxa6 39.c5 f3+ 40.Kf1 Rxa4 41.
Rc1 Bf4 42.Rd1 Rc4 43.Ra1 a5 44.Be1 a4 45.Ra2 Ke4 46.c6 Bd6 47.Ba5 Rc1+ 
48.Kf2 Bc5+ 49.Kg3 Rg1+ 50.Kh4 f2 51.c7 f1=Q 52.Rxa4+ Kd5 53.c8=Q Be7+ 0-1

[Event "zonal 1.2a"]
[Site "Ptuj SLO"]
[Date "1995.04.06"]
[Round "2"]
[White "Enders, Peter"]
[Black "Stanec, Nikolaus"]
[Result "0-1"]
[WhiteElo "2480"]
[BlackElo "2465"]
[EventDate "1995.04.05"]
[PlyCount "48"]

1.e4 c5 2.Nf3 d6 3.d4 cxd4 4.Nxd4 Nf6 5.Nc3 Nc6 6.Bg5 e6 7.Qd2 Be7 8.O-O-O
O-O 9.h4 a6 10.g4 Bd7 11.Nf3 b5 12.e5 b4 13.exf6 bxc3 14.Qxc3 gxf6 15.Bh6 
Kh8 16.Ng5 d5 17.a3 Qb6 18.Qd3 f5 19.f4 Bf6 20.c3 d4 21.c4 Na5 22.Rh3 Nxc4
23.Qb3 Qxb3 24.Rxb3 Rfc8 0-1

[Event "zonal 1.2a"]
[Site "Ptuj SLO"]
[Date "1995.04.06"]
[Round "2"]
[White "Grosar, Aljosa"]
[Black "Mohr, Georg"]
[Result "1/2-1/2"]
[WhiteElo "2475"]
[BlackElo "2430"]
[EventDate "1995.04.05"]
[PlyCount "34"]

1.e4 c5 2.Nf3 e6 3.d4 cxd4 4.Nxd4 Nc6 5.Nc3 a6 6.Be2 Qc7 7.O-O Nf6 8.Be3 
Be7 9.f4 d6 10.Qe1 O-O 11.Qg3 Nxd4 12.Bxd4 b5 13.a3 Bb7 14.Rae1 Bc6 15.Bd3
Rae8 16.Qh3 e5 17.Be3 Qd7 1/2-1/2

[Event "zonal 1.2a"]
[Site "Ptuj SLO"]
[Date "1995.04.06"]
[Round "2"]
[White "Kindermann, Stefan"]
[Black "Kortschnoj, Viktor"]
[Result "1/2-1/2"]
[WhiteElo "2585"]
[BlackElo "2635"]
[EventDate "1995.04.05"]
[PlyCount "51"]

1.e4 c6 2.d4 d5 3.e5 c5 4.dxc5 e6 5.Be3 Nd7 6.Bb5 Qc7 7.Nf3 Bxc5 8.Bxc5 
Qxc5 9.Nc3 Ne7 10.O-O a6 11.Bd3 h6 12.Re1 Nc6 13.Qd2 g5 14.h3 Rg8 15.a3 
Qf8 16.g4 h5 17.Qe3 Qh6 18.Bf1 hxg4 19.hxg4 b6 20.Bg2 Bb7 21.Na4 Rh8 22.
Nxb6 Ncxe5 23.Nxd7 Nxd7 24.Rad1 Rc8 25.Qa7 Rc7 26.Rd3 1/2-1/2

[Event "zonal 1.2a"]
[Site "Ptuj SLO"]
[Date "1995.04.06"]
[Round "2"]
[White "Lobron, Eric"]
[Black "Gostisa, Leon"]
[Result "1/2-1/2"]
[WhiteElo "2575"]
[BlackElo "2420"]
[EventDate "1995.04.05"]
[PlyCount "139"]

1.d4 Nf6 2.c4 e6 3.Nc3 Bb4 4.e3 Nc6 5.Ne2 d5 6.a3 Be7 7.cxd5 exd5 8.Nf4 
O-O 9.Be2 Na5 10.b4 Nc4 11.Ncxd5 Nxd5 12.Bxc4 Nxf4 13.exf4 Bf6 14.Be3 Qd6 
15.O-O c6 16.Rc1 Rd8 17.Qb3 Be6 18.a4 a6 19.f5 Bxc4 20.Rxc4 Qe7 21.b5 axb5
22.axb5 cxb5 23.Qxb5 Qd7 24.Qxd7 Rxd7 25.Rb1 Rad8 26.Rbb4 Be7 27.Rb3 Bf6 
28.h3 g6 29.fxg6 hxg6 30.Rbb4 Kg7 31.g4 b5 32.Rxb5 Bxd4 33.Bxd4+ Rxd4 34.
Rxd4 Rxd4 35.Kg2 Rd3 36.f3 Kh6 37.h4 Kg7 38.Kg3 Rd4 39.Rb7 Ra4 40.Re7 Kf6 
41.Re4 Ra1 42.Rb4 Kg7 43.Rb5 Rg1+ 44.Kf4 Rh1 45.Kg3 Rg1+ 46.Kh2 Ra1 47.Rb6
Rc1 48.Kg3 Rh1 49.Ra6 Rb1 50.Ra5 Rg1+ 51.Kf4 Rh1 52.h5 gxh5 53.Rxh5 Ra1 
54.Rb5 Ra3 55.Rb6 Ra5 56.g5 Rc5 57.Kg4 Rc4+ 58.f4 Ra4 59.Rd6 Rb4 60.Rd3 
Ra4 61.Kf3 Ra5 62.Rd4 Ra1 63.f5 Rf1+ 64.Ke4 Re1+ 65.Kf4 Rf1+ 66.Kg4 Rg1+ 
67.Kh5 Rh1+ 68.Rh4 Rb1 69.Rh2 f6 70.gxf6+ 1/2-1/2

[Event "zonal 1.2a"]
[Site "Ptuj SLO"]
[Date "1995.04.06"]
[Round "2"]
[White "Luther, Thomas"]
[Black "Wach, Markus"]
[Result "1-0"]
[WhiteElo "2550"]
[BlackElo "2385"]
[EventDate "1995.04.05"]
[PlyCount "103"]

1.e4 c5 2.Nf3 d6 3.d4 cxd4 4.Nxd4 Nf6 5.Nc3 Nc6 6.Bg5 e6 7.Qd2 Be7 8.O-O-O
O-O 9.f4 Nxd4 10.Qxd4 Qa5 11.Qd2 h6 12.h4 b5 13.Kb1 b4 14.Bxf6 Bxf6 15.Nb5
d5 16.e5 Be7 17.Nd4 Qb6 18.g4 Bc5 19.Be2 Bxd4 20.Qxd4 Qxd4 21.Rxd4 a5 22.
Rh3 Ba6 23.Bxa6 Rxa6 24.a3 f6 25.exf6 Rxf6 26.axb4 axb4 27.Rxb4 e5 28.Rf3 
h5 29.g5 Rf5 30.Re3 Rxf4 31.Rxf4 exf4 32.Re5 g6 33.Rxd5 f3 34.Rd3 Ra4 35.
Rxf3 Rxh4 36.b3 Rg4 37.c4 Rxg5 38.b4 h4 39.b5 Rg3 40.Rf1 h3 41.Kb2 h2 42.
b6 Rg2+ 43.Kb3 Rg3+ 44.Ka4 Rg2 45.c5 Rb2 46.Rh1 Kf7 47.Ka3 Rb5 48.Rxh2 
Rxc5 49.b7 Rb5 50.Rb2 Rxb7 51.Rxb7+ Kf6 52.Rb5 1-0

[Event "zonal 1.2a"]
[Site "Ptuj SLO"]
[Date "1995.04.06"]
[Round "2"]
[White "Robatsch, Karl"]
[Black "Atlas, Valery"]
[Result "1-0"]
[WhiteElo "2410"]
[BlackElo "2450"]
[EventDate "1995.04.05"]
[PlyCount "79"]

1.Nf3 c5 2.c4 Nf6 3.Nc3 b6 4.g3 Bb7 5.Bg2 g6 6.d4 cxd4 7.Qxd4 Bg7 8.O-O 
Nc6 9.Qf4 d6 10.b3 Qd7 11.Bb2 Nd8 12.Qd2 O-O 13.Nd5 Bxd5 14.cxd5 Ne4 15.
Qc2 Rc8 16.Qxe4 Bxb2 17.Rab1 Bf6 18.Rfd1 Nb7 19.Nd4 Bxd4 20.Rxd4 Rc7 21.
Rbd1 Rfc8 22.Qh4 Qd8 23.Bh3 Rb8 24.b4 b5 25.Qh6 Qf8 26.Qd2 a5 27.a3 axb4 
28.axb4 Nd8 29.Rc1 Ra7 30.Rd3 Qg7 31.Rdc3 Raa8 32.Rc7 Qe5 33.e3 Kf8 34.Bf1
f5 35.Rd7 Nf7 36.f4 Qf6 37.Rdc7 Nh6 38.Be2 Ng8 39.g4 h6 40.Kg2 1-0

[Event "zonal 1.2a"]
[Site "Ptuj SLO"]
[Date "1995.04.06"]
[Round "2"]
[White "Sermek, Drazen"]
[Black "Landenbergue, Claude"]
[Result "1/2-1/2"]
[WhiteElo "2515"]
[BlackElo "2430"]
[EventDate "1995.04.05"]
[PlyCount "54"]

1.e4 c5 2.c3 Nf6 3.e5 Nd5 4.Nf3 e6 5.d4 cxd4 6.cxd4 b6 7.Nc3 Nxc3 8.bxc3 
Qc7 9.Bd2 Bb7 10.Bd3 d6 11.O-O Nd7 12.Ng5 Be7 13.exd6 Bxd6 14.Qh5 Nf6 15.
Bb5+ Kf8 16.Qh4 h6 17.f4 hxg5 18.Qxh8+ Ke7 19.Qh3 gxf4 20.Be2 g5 21.Bf3 
Rg8 22.Bxb7 Qxb7 23.Qf3 Qxf3 24.gxf3 Rc8 25.a4 Nd5 26.Rfc1 Rc4 27.Kf2 e5 
1/2-1/2

[Event "zonal 1.2a"]
[Site "Ptuj SLO"]
[Date "1995.04.06"]
[Round "2"]
[White "Zuger, Beat"]
[Black "Lutz, Christopher"]
[Result "0-1"]
[WhiteElo "2480"]
[BlackElo "2560"]
[EventDate "1995.04.05"]
[PlyCount "60"]

1.c4 Nf6 2.Nf3 e6 3.g3 d5 4.d4 dxc4 5.Bg2 Nc6 6.O-O Rb8 7.Nc3 a6 8.Bg5 Be7
9.e3 b5 10.Qe2 O-O 11.Rfd1 Nd5 12.Bxe7 Nxc3 13.bxc3 Qxe7 14.e4 e5 15.Nxe5 
Nxe5 16.dxe5 Qxe5 17.Qe3 Re8 18.f4 Qe7 19.Rd2 h6 20.a4 Be6 21.axb5 axb5 
22.e5 Red8 23.Rxd8+ Rxd8 24.Be4 Qd7 25.Bc2 Bf5 26.Rd1 Bd3 27.Qc5 c6 28.Rd2
Qe6 29.Qb6 Qd5 30.f5 Re8 0-1

[Event "zonal 1.2a"]
[Site "Ptuj SLO"]
[Date "1995.04.07"]
[Round "3"]
[White "Atlas, Valery"]
[Black "Lobron, Eric"]
[Result "0-1"]
[WhiteElo "2450"]
[BlackElo "2575"]
[EventDate "1995.04.05"]
[PlyCount "102"]

1.e4 g6 2.d4 Bg7 3.Be3 c6 4.Qd2 d5 5.e5 c5 6.c3 Nc6 7.Bd3 f6 8.f4 cxd4 9.
cxd4 Nh6 10.Ne2 O-O 11.Nbc3 Ng4 12.O-O-O Bh6 13.exf6 exf6 14.h3 Nxe3 15.
Qxe3 a5 16.g4 Nb4 17.Bb1 Ra6 18.a3 Re8 19.Qf3 Qc7 20.Rhf1 Rae6 21.axb4 
Rxe2 22.Bd3 axb4 23.Bxe2 bxc3 24.bxc3 Bxf4+ 25.Kb1 Qa5 26.Bd3 Re6 27.Rf2 
Qxc3 28.Qxd5 Kg7 29.Rb2 Re1 30.Qf3 Rxd1+ 31.Qxd1 Qxd4 32.Bc2 Qc5 33.Qd3 
Be5 34.Rb5 Qg1+ 35.Bd1 Qa7 36.Qc4 Bd7 37.Rb4 Bc6 38.Bb3 Qa1+ 39.Kc2 Qb2+ 
40.Kd3 Kh6 41.Bc2 Qa3+ 42.Qb3 Qa1 43.Kd2 Qa5 44.Ke2 Bd6 45.Qe3+ Kg7 46.Rb1
Qd5 47.Rf1 Bb5+ 48.Bd3 Bc5 49.Qg3 Qa2+ 50.Kf3 Bc6+ 51.Be4 Qa3+ 0-1

[Event "zonal 1.2a"]
[Site "Ptuj SLO"]
[Date "1995.04.07"]
[Round "3"]
[White "Landenbergue, Claude"]
[Black "Robatsch, Karl"]
[Result "1/2-1/2"]
[WhiteElo "2430"]
[BlackElo "2410"]
[EventDate "1995.04.05"]
[PlyCount "45"]

1.d4 Nf6 2.Bg5 e6 3.e4 h6 4.Bxf6 Qxf6 5.Nc3 Bb4 6.a3 Bxc3+ 7.bxc3 d6 8.Bd3
e5 9.Ne2 Nc6 10.O-O Bd7 11.Bb5 a6 12.Ba4 Qe7 13.Ng3 b5 14.Bb3 Na5 15.f4 
Nxb3 16.cxb3 exf4 17.Rxf4 O-O 18.Qf3 c5 19.Rf1 cxd4 20.cxd4 Rac8 21.Nh5 f6
22.h3 a5 23.Ng3 1/2-1/2

[Event "zonal 1.2a"]
[Site "Ptuj SLO"]
[Date "1995.04.07"]
[Round "3"]
[White "Lutz, Christopher"]
[Black "Grosar, Aljosa"]
[Result "1/2-1/2"]
[WhiteElo "2560"]
[BlackElo "2475"]
[EventDate "1995.04.05"]
[PlyCount "57"]

1.d4 Nf6 2.c4 e6 3.Nf3 b6 4.g3 Ba6 5.b3 d5 6.Bg2 c5 7.O-O Nc6 8.cxd5 exd5 
9.Nc3 Rc8 10.Bg5 Be7 11.Rc1 Ne4 12.Bxe7 Nxe7 13.dxc5 Nxc3 14.Rxc3 bxc5 15.
Qc2 d4 16.Rxc5 Rxc5 17.Qxc5 Bxe2 18.Rc1 d3 19.Qxa7 O-O 20.Nd2 Nf5 21.Qc5 
Qf6 22.a4 h5 23.a5 Qh6 24.f4 Qf6 25.Qe5 Qd8 26.Qd5 Qf6 27.Qe5 Qd8 28.Qc5 
Qf6 29.Qe5 1/2-1/2

[Event "zonal 1.2a"]
[Site "Ptuj SLO"]
[Date "1995.04.07"]
[Round "3"]
[White "Stanec, Nikolaus"]
[Black "Zuger, Beat"]
[Result "1/2-1/2"]
[WhiteElo "2465"]
[BlackElo "2480"]
[EventDate "1995.04.05"]
[PlyCount "46"]

1.c4 g6 2.d4 Bg7 3.Nc3 Nf6 4.g3 O-O 5.Bg2 d6 6.Nf3 a6 7.O-O c6 8.b3 b5 9.
cxb5 axb5 10.Bb2 Nbd7 11.Nd2 Qb6 12.e3 Bb7 13.a4 bxa4 14.Nxa4 Qc7 15.Qc2 
Nb6 16.Rfc1 Nfd5 17.Nc4 Nxc4 18.Qxc4 Nb6 19.Qc2 Nxa4 20.bxa4 c5 21.dxc5 
Bxb2 22.Qxb2 Bxg2 23.Kxg2 dxc5 1/2-1/2

[Event "zonal 1.2a"]
[Site "Ptuj SLO"]
[Date "1995.04.07"]
[Round "3"]
[White "Wach, Markus"]
[Black "Kindermann, Stefan"]
[Result "0-1"]
[WhiteElo "2385"]
[BlackElo "2585"]
[EventDate "1995.04.05"]
[PlyCount "78"]

1.e4 e6 2.d4 d5 3.Nc3 Bb4 4.e5 c5 5.a3 Ba5 6.b4 cxd4 7.Qg4 Ne7 8.bxa5 dxc3
9.Qxg7 Rg8 10.Qxh7 Nbc6 11.Nf3 Qc7 12.Bb5 Bd7 13.O-O Nxe5 14.Nxe5 Qxe5 15.
Bxd7+ Kxd7 16.Qd3 Rac8 17.Qb5+ Nc6 18.g3 d4 19.Rb1 Qxb5 20.Rxb5 e5 21.
Rxb7+ Ke6 22.h4 Rb8 23.Rc7 Rgc8 24.Rxc8 Rxc8 25.Kg2 e4 26.h5 d3 27.Be3 Ne5
28.h6 d2 29.Bxa7 Nd3 30.Rb1 Nc1 31.Rb6+ Kd7 32.Rb4 Nd3 33.Rb1 Nc1 34.Rb4 
Nd3 35.Rb1 Ne1+ 36.Kf1 Nxc2 37.Rb7+ Ke6 38.Rb6+ Kd5 39.Rb1 Nd4 0-1

[Event "zonal 1.2a"]
[Site "Ptuj SLO"]
[Date "1995.04.08"]
[Round "4"]
[White "Enders, Peter"]
[Black "Zuger, Beat"]
[Result "1-0"]
[WhiteElo "2480"]
[BlackElo "2480"]
[EventDate "1995.04.05"]
[PlyCount "97"]

1.e4 e6 2.d4 d5 3.Nc3 Nf6 4.e5 Nfd7 5.f4 c5 6.Nf3 Nc6 7.Be3 cxd4 8.Nxd4 
Qb6 9.Qd2 Qxb2 10.Rb1 Qa3 11.Bb5 Nxd4 12.Bxd4 Bb4 13.O-O a6 14.Rb3 Qa5 15.
Rfb1 Ba3 16.Bxd7+ Bxd7 17.Ne4 Qxd2 18.Nxd2 Be7 19.Rxb7 Bb5 20.g4 h5 21.g5 
Rc8 22.c3 Bd8 23.Kf2 O-O 24.Ke3 Rc7 25.Rxc7 Bxc7 26.Nb3 Rc8 27.Kd2 Kh7 28.
a3 Kg6 29.Nc5 Bb6 30.Nb7 Bxd4 31.cxd4 Rc4 32.Rb4 f6 33.Rxc4 Bxc4 34.exf6 
gxf6 35.h4 Bb5 36.Kc3 Be2 37.Kb4 Bd3 38.Nd6 Bc2 39.a4 Bd3 40.a5 Bc2 41.Kc5
Bd3 42.Kc6 Bc2 43.Kd7 fxg5 44.fxg5 Bf5 45.Kc6 Bd3 46.Kc5 Kg7 47.Nc8 Kg6 
48.Ne7+ Kf7 49.Nc6 1-0

[Event "zonal 1.2a"]
[Site "Ptuj SLO"]
[Date "1995.04.08"]
[Round "4"]
[White "Grosar, Aljosa"]
[Black "Stanec, Nikolaus"]
[Result "1-0"]
[WhiteElo "2475"]
[BlackElo "2465"]
[EventDate "1995.04.05"]
[PlyCount "131"]

1.e4 c5 2.Nf3 d6 3.d4 cxd4 4.Nxd4 Nf6 5.f3 e5 6.Nb3 d5 7.Bg5 Be6 8.Bxf6 
gxf6 9.exd5 Qxd5 10.Qxd5 Bxd5 11.Nc3 Bb4 12.O-O-O Bxb3 13.axb3 Bxc3 14.
bxc3 Ke7 15.Bd3 Nc6 16.Rhe1 Rad8 17.Kb2 h5 18.Ra1 a6 19.Be4 Kd6 20.Rf1 Rc8
21.f4 Ke7 22.Rae1 Rhg8 23.Rf2 h4 24.Bd5 Rc7 25.c4 Rg7 26.Re4 f5 27.Re3 e4 
28.Rh3 Rg4 29.g3 Rc8 30.gxh4 Rh8 31.h5 Rh6 32.Kc3 Nd8 33.c5 Ne6 34.Bxb7 
Nxc5 35.Bd5 Ne6 36.Bxe6 fxe6 37.Kd4 Kd6 38.b4 Rg8 39.Ra3 Ra8 40.c4 Rxh5 
41.Rfa2 Ke7 42.Rxa6 Rxa6 43.Rxa6 Kf6 44.b5 Rxh2 45.c5 Rd2+ 46.Ke3 Rd3+ 47.
Ke2 Rb3 48.b6 Rb2+ 49.Ke1 Rb1+ 50.Kf2 Rb2+ 51.Kg3 Rb3+ 52.Kh4 Rb1 53.Kg3 
Rb3+ 54.Kg2 Rb2+ 55.Kf1 Rb1+ 56.Kf2 Rb2+ 57.Ke1 Rb1+ 58.Ke2 Rb2+ 59.Ke3 
Rb3+ 60.Kd2 Rb2+ 61.Kc3 Rb1 62.Ra2 Ke7 63.Ra7+ Kd8 64.Rh7 Kc8 65.Re7 Kb8 
66.Kc4 1-0

[Event "zonal 1.2a"]
[Site "Ptuj SLO"]
[Date "1995.04.08"]
[Round "4"]
[White "Kindermann, Stefan"]
[Black "Gostisa, Leon"]
[Result "1-0"]
[WhiteElo "2585"]
[BlackElo "2420"]
[EventDate "1995.04.05"]
[PlyCount "87"]

1.e4 e5 2.Nf3 Nc6 3.Bb5 a6 4.Ba4 Nf6 5.O-O Be7 6.Re1 b5 7.Bb3 d6 8.c3 O-O 
9.h3 Qd7 10.d4 Re8 11.Nbd2 Bf8 12.d5 Ne7 13.Nf1 h6 14.Ng3 c6 15.dxc6 Qxc6 
16.Nh2 Ng6 17.Nh5 d5 18.Nxf6+ Qxf6 19.Bxd5 Rb8 20.Ng4 Bxg4 21.Qxg4 Nf4 22.
Be3 h5 23.Qf3 Nxd5 24.exd5 Qg6 25.Rad1 Bd6 26.Qg3 Qc2 27.Bc1 Qa4 28.Bh6 
Bf8 29.b3 Qxa2 30.d6 f6 31.d7 Red8 32.f4 e4 33.Bxg7 Bxg7 34.Rxe4 Qc2 35.
Re7 Qh7 36.Rde1 Qh6 37.f5 Kh7 38.Rf7 Rg8 39.Ree7 Rbd8 40.b4 Kh8 41.Qc7 Kh7
42.h4 Qc1+ 43.Kh2 Kh6 44.Qg3 1-0

[Event "zonal 1.2a"]
[Site "Ptuj SLO"]
[Date "1995.04.08"]
[Round "4"]
[White "Lobron, Eric"]
[Black "Landenbergue, Claude"]
[Result "1-0"]
[WhiteElo "2575"]
[BlackElo "2430"]
[EventDate "1995.04.05"]
[PlyCount "105"]

1.d4 Nf6 2.Nf3 e6 3.c4 Bb4+ 4.Bd2 a5 5.Nc3 d5 6.Bg5 h6 7.Bxf6 Qxf6 8.e3 
O-O 9.Rc1 Nd7 10.a3 Bxc3+ 11.Rxc3 c6 12.Be2 dxc4 13.Bxc4 e5 14.O-O exd4 
15.Nxd4 Nb6 16.Ba2 Rd8 17.Rc5 g6 18.Qe1 a4 19.Ra5 Rb8 20.Qc3 Bd7 21.e4 Be8
22.e5 Qf4 23.Nf3 Bd7 24.Re1 Be6 25.Bxe6 fxe6 26.Qc5 Nd5 27.Qc2 Qf7 28.Rxa4
Nf4 29.g3 Nd5 30.Rg4 Ne7 31.Rf4 Nf5 32.Nh4 Qg7 33.Nxf5 gxf5 34.Rf3 Rd5 35.
Rd3 Rbd8 36.Rxd5 Rxd5 37.Qb3 Qd7 38.Qe3 Kg7 39.Qb6 Rd1 40.Rxd1 Qxd1+ 41.
Kg2 Qd5+ 42.Kh3 c5 43.Qc7+ Kg6 44.Qd6 Qc4 45.f4 b5 46.Kh4 Kg7 47.Qe7+ Kg6 
48.Qe8+ Kg7 49.Qe7+ Kg6 50.Qf6+ Kh7 51.Qf7+ Kh8 52.Kh5 Qe2+ 53.Kg6 1-0

[Event "zonal 1.2a"]
[Site "Ptuj SLO"]
[Date "1995.04.08"]
[Round "4"]
[White "Luther, Thomas"]
[Black "Atlas, Valery"]
[Result "1/2-1/2"]
[WhiteElo "2550"]
[BlackElo "2450"]
[EventDate "1995.04.05"]
[PlyCount "60"]

1.e4 c5 2.Nf3 e6 3.d4 cxd4 4.Nxd4 Nf6 5.Nc3 d6 6.g4 h6 7.h4 Be7 8.g5 hxg5 
9.Bxg5 Nc6 10.Qd2 d5 11.O-O-O dxe4 12.Bb5 Bd7 13.Qe2 Qb6 14.Bxc6 bxc6 15.
Nxe4 c5 16.Nf3 Rb8 17.b3 Bb5 18.c4 Bc6 19.Nd6+ Bxd6 20.Rxd6 Ne4 21.Rhd1 
Nxd6 22.Rxd6 Qc7 23.Qe5 O-O 24.Nh2 Bd7 25.Bf6 gxf6 26.Qxf6 Qd8 27.Qh6 Rb6 
28.Rxb6 axb6 29.Ng4 f6 30.Qg6+ Kh8 1/2-1/2

[Event "zonal 1.2a"]
[Site "Ptuj SLO"]
[Date "1995.04.08"]
[Round "4"]
[White "Robatsch, Karl"]
[Black "Mohr, Georg"]
[Result "1/2-1/2"]
[WhiteElo "2410"]
[BlackElo "2430"]
[EventDate "1995.04.05"]
[PlyCount "35"]

1.Nf3 Nf6 2.c4 c5 3.Nc3 g6 4.d4 cxd4 5.Nxd4 Nc6 6.e4 Bg7 7.Be3 Ng4 8.Qxg4 
Nxd4 9.Qd1 Ne6 10.Rc1 Qa5 11.Qd2 b6 12.Bd3 g5 13.O-O Bb7 14.Rfd1 d6 15.b3 
h5 16.Bb1 h4 17.f3 Kf8 18.Nb5 1/2-1/2

[Event "zonal 1.2a"]
[Site "Ptuj SLO"]
[Date "1995.04.08"]
[Round "4"]
[White "Sermek, Drazen"]
[Black "Lutz, Christopher"]
[Result "1/2-1/2"]
[WhiteElo "2515"]
[BlackElo "2560"]
[EventDate "1995.04.05"]
[PlyCount "41"]

1.e4 c5 2.c3 d5 3.exd5 Qxd5 4.d4 Nf6 5.Nf3 Bg4 6.Be2 e6 7.O-O Nc6 8.h3 Bh5
9.Be3 cxd4 10.cxd4 Be7 11.Nc3 Qd6 12.Qb3 O-O 13.Rfd1 Rfd8 14.a3 Rab8 15.
Rac1 Nd5 16.Nxd5 exd5 17.Qb5 f6 18.b4 Re8 19.Rc3 Bd8 20.Qc5 Be7 21.Qxd6 
1/2-1/2

[Event "zonal 1.2a"]
[Site "Ptuj SLO"]
[Date "1995.04.10"]
[Round "5"]
[White "Atlas, Valery"]
[Black "Kindermann, Stefan"]
[Result "1/2-1/2"]
[WhiteElo "2450"]
[BlackElo "2585"]
[EventDate "1995.04.05"]
[PlyCount "65"]

1.e4 e6 2.d4 d5 3.Nc3 Bb4 4.e5 c5 5.a3 Ba5 6.b4 cxd4 7.Nb5 Bc7 8.f4 Nh6 9.
Nf3 Bd7 10.Nxc7+ Qxc7 11.Bd3 a6 12.a4 Nc6 13.Qd2 Nf5 14.Bb2 Qb6 15.b5 axb5
16.axb5 Rxa1+ 17.Bxa1 Qa5 18.bxc6 Qxa1+ 19.Kf2 Qxh1 20.cxd7+ Kxd7 21.Bxf5 
exf5 22.e6+ fxe6 23.Ne5+ Kc8 24.Qxd4 Rd8 25.Qc5+ Kb8 26.Qb6 Kc8 27.Qc5+ 
Kb8 28.Qb6 Kc8 29.Qxe6+ Kc7 30.Qe7+ Kc8 31.Qe6+ Kc7 32.Qe7+ Kc8 33.Qe6+ 
1/2-1/2

[Event "zonal 1.2a"]
[Site "Ptuj SLO"]
[Date "1995.04.10"]
[Round "5"]
[White "Landenbergue, Claude"]
[Black "Luther, Thomas"]
[Result "0-1"]
[WhiteElo "2430"]
[BlackElo "2550"]
[EventDate "1995.04.05"]
[PlyCount "96"]

1.e4 e6 2.d4 d5 3.Nc3 Nf6 4.Bg5 dxe4 5.Nxe4 Be7 6.Bxf6 gxf6 7.Nf3 f5 8.Nc3
Bf6 9.Qd2 c5 10.d5 O-O 11.O-O-O Bg7 12.Qe3 Qb6 13.Ne5 exd5 14.Nxd5 Qe6 15.
f4 Nd7 16.Nc4 Nf6 17.Nc7 Qxe3+ 18.Nxe3 Rb8 19.Bd3 Ng4 20.Rhe1 Nf2 21.Rd2 
Nxd3+ 22.Rxd3 b5 23.Rd5 Rb7 24.Na6 Re7 25.Nxc5 Rfe8 26.g3 b4 27.Nb3 Bb7 
28.Rd3 Ba6 29.Rd6 Bb5 30.Nd4 Bxd4 31.Rxd4 Rxe3 32.Rxe3 Rxe3 33.Rxb4 Bc6 
34.Rc4 Re6 35.Kd2 a6 36.a4 Be4 37.b4 Rh6 38.h4 Rd6+ 39.Kc1 Kg7 40.b5 Kg6 
41.Rc8 Kh5 42.c4 Kg4 43.Rg8+ Rg6 44.Rf8 Kxg3 45.c5 Kxf4 46.c6 axb5 47.axb5
Rg2 48.Kd1 Ke3 0-1

[Event "zonal 1.2a"]
[Site "Ptuj SLO"]
[Date "1995.04.10"]
[Round "5"]
[White "Lutz, Christopher"]
[Black "Robatsch, Karl"]
[Result "1-0"]
[WhiteElo "2560"]
[BlackElo "2410"]
[EventDate "1995.04.05"]
[PlyCount "45"]

1.d4 Nf6 2.c4 e6 3.Nf3 Bb4+ 4.Nbd2 c5 5.a3 Bxd2+ 6.Qxd2 cxd4 7.Nxd4 d5 8.
cxd5 Qxd5 9.Nf3 Qb3 10.Qe3 Qxe3 11.Bxe3 Nc6 12.g3 b6 13.Bg2 Bb7 14.O-O Rc8
15.Rac1 Ke7 16.Ne5 Nd5 17.Bg5+ f6 18.Nxc6+ Rxc6 19.Rxc6 Bxc6 20.Bd2 Bb5 
21.Rc1 Bxe2 22.Bxd5 exd5 23.Re1 1-0